00450 a2200169 450000100060000002000150000604000240002110000210004524000240006624500190009030000070010936200090011665000240012594200070014995201070015699900170026369235 a8530501365 cAnchieta - Itaigara aBelinky, Tatiana10aBeijo, não !lpor10aBeijo, não ! a240 a1997 4aLiteratura infantil cBK 00104070a88.1b88.1d2023-11-21l0oLI 028.5 BEL BEIp1348/ITAr2023-11-21 20:03:43w2023-11-21yBK c69235d69235